| 000 | 00928nam a22002657a 4500 | ||
|---|---|---|---|
| 005 | 2009082403503.0 | ||
| 008 | 080711t xxu||||| |||| 00| 0 eng d | ||
| 010 | _aB-355868 | ||
| 020 |
_a9780070263871 _c225.00 |
||
| 020 |
_a0070263876 _c225.00 |
||
| 035 | _aB-355868 | ||
| 037 | _bDBAD / PUB | ||
| 040 |
_adpl _bEnglish |
||
| 082 | _a650 | ||
| 100 | _aGupta, C.B. | ||
| 245 |
_aQuestion bank in business studies : _cby C.B. Gupta _bfor class XI / |
||
| 250 | _b7th ed | ||
| 260 |
_aNew Delhi _bTata McGraw-Hill Publishing _c2009 |
||
| 270 |
_a7 West Patel Nagar _bNew Delhi _e110008 |
||
| 300 |
_axvii, 279p. _c24cm(pbk) |
||
| 490 | _aTata Mcgraw-Hill's question bank series | ||
| 650 | _aBusiness Studies | ||
| 942 |
_2ddc _cEN _h650 _mGUP |
||
| 999 |
_c29522 _d29522 |
||